| 000 | 00554nam a22001931a 4500 | ||
|---|---|---|---|
| 001 | 10275 | ||
| 003 | OSt | ||
| 005 | 20260204212153.0 | ||
| 008 | 081007s2006||||dr ||||||b||||||||||spa|| | ||
| 020 | _a9993444014 | ||
| 050 | _aRD 340.56 A72c | ||
| 100 | _aAcosta, Juan Pablo | ||
| 245 | _aCodigo civil de la República Dominicana y legislación complementaria / Juan Pablo Acosta y Trajano Vidal Palentini | ||
| 250 | _a14 | ||
| 264 | _aSanto Domingo : Dalis | ||
| 300 | _a516 p | ||
| 650 | _aDerecho Civil- Republica DominicanaÌ | ||
| 942 |
_2ddc _cBK |
||
| 999 |
_c10275 _d10275 |
||